El Cas de Catalunya : apel·lació a les Nacions Unides : conferència sobre organització internacional, San Francisco, California, abril 1945 / [han col·laborat: Josep Almeda i García ... [et al.]] apel·lació a les Nacions Unides :
Publicado:
Barcelona :
Consell Nacional Català (Delegació als Estats Units) : Òmnium Cultural : C.E.D.E.N ,
1986
Descripción Física:
29, 30 p. ; 24 cm
MARC
| LEADER | 00000nam a2200000Ia 4500 | ||
|---|---|---|---|
| 001 | 18745 | ||
| 008 | 160829s1986 xx 000 0 cat d | ||
| 080 | |a M-5-378 | ||
| 245 | |a El Cas de Catalunya : |b apel·lació a les Nacions Unides : |b conferència sobre organització internacional, San Francisco, California, abril 1945 / [han col·laborat: |b Josep Almeda i García ... [et al.]] | ||
| 260 | |a Barcelona : |b Consell Nacional Català (Delegació als Estats Units) : |b Òmnium Cultural : |b C.E.D.E.N., |c 1986 | ||
| 300 | |a 29, 30 p. ; |c 24 cm | ||
| 590 | |a Edició especial per al diari AVUI. | ||
| 590 | |a Text en anglès i català. | ||
| 590 | |a Títol original: The Case of Catalonia | ||
| 650 | |a Català |x Història |x 1945 |9 43755 | ||
| 650 | |a Nacionalitat, Principi de |x Catalunya |x 1945 |9 43756 | ||
| 650 | 0 | |a Nacionalisme |z Catalunya |9 11008 | |
| 650 | |a Organització internacional |9 43758 | ||
| 700 | |a Almeda i Garcia, Josep |9 43759 | ||
| 700 | |a Consell Nacional Català (Estats Units d'Amèrica) |9 43760 | ||
| 700 | |a Omnium Cultural I |9 43761 | ||
| 700 | |a Centre de Documentació i Estudis sobre el Nacionalisme |9 43762 | ||
| 901 | |a Arxiu | ||
| 942 | |n 1 | ||
| 952 | |0 0 |1 0 |4 0 |6 M5378 |7 1 |9 51610 |a Arxiu |b Arxiu |d 2016-12-01 |l 0 |o M-5-378 |p 18745 |r 2016-12-01 00:00:00 |w 2016-12-01 |y ARXIU | ||
| 999 | |c 55455 |d 55455 | ||